Advanced Engineering Mathematics / (Record no. 954)
[ view plain ]
| 000 -LEADER | |
|---|---|
| fixed length control field | 00880nam a2200277 a 4500 |
| 003 - CONTROL NUMBER IDENTIFIER | |
| control field | (BD-SpBAUS) |
| 005 - DATE AND TIME OF LATEST TRANSACTION | |
| control field | 20250915114427.0 |
| 008 - FIXED-LENGTH DATA ELEMENTS--GENERAL INFORMATION | |
| fixed length control field | 250915s2025 ii a|||| |||| 001 0 eng d |
| 020 ## - INTERNATIONAL STANDARD BOOK NUMBER | |
| International Standard Book Number | 9789358702507 |
| 040 ## - CATALOGING SOURCE | |
| Original cataloging agency | BD-SpBAUS |
| Transcribing agency | BD-SpBAUS |
| 041 ## - LANGUAGE CODE | |
| Language code of text/sound track or separate title | eng |
| 082 ## - DEWEY DECIMAL CLASSIFICATION NUMBER | |
| Classification number | 515 |
| Author mark and year | DAA 2025 |
| 100 ## - MAIN ENTRY--PERSONAL NAME | |
| Personal name | Dass, H. K. |
| 9 (RLIN) | 2337 |
| 245 ## - TITLE STATEMENT | |
| Title | Advanced Engineering Mathematics / |
| Statement of responsibility, etc. | H. K. Dass, Rama Verma & Rajnish Verma. |
| 250 ## - EDITION STATEMENT | |
| Edition statement | 23th ed. |
| 260 ## - PUBLICATION, DISTRIBUTION, ETC. | |
| Place of publication, distribution, etc. | New Delhi : |
| Name of publisher, distributor, etc. | S Chand and Company Limited, |
| Date of publication, distribution, etc. | c1988 ; 2025 |
| 300 ## - PHYSICAL DESCRIPTION | |
| Extent | xvi, 1274 p. : |
| Other physical details | ill. ; |
| Dimensions | 24 cm. |
| 504 ## - BIBLIOGRAPHY, ETC. NOTE | |
| Bibliography, etc. note | Includes index |
| 650 ## - SUBJECT ADDED ENTRY--TOPICAL TERM | |
| Topical term or geographic name entry element | Differential equations |
| 9 (RLIN) | 2338 |
| 650 ## - SUBJECT ADDED ENTRY--TOPICAL TERM | |
| Topical term or geographic name entry element | Engineering mathematics |
| 9 (RLIN) | 2087 |
| 650 ## - SUBJECT ADDED ENTRY--TOPICAL TERM | |
| Topical term or geographic name entry element | Équations différentielles |
| 9 (RLIN) | 2175 |
| 700 ## - ADDED ENTRY--PERSONAL NAME | |
| Personal name | Verma, Rama |
| 9 (RLIN) | 2339 |
| 700 ## - ADDED ENTRY--PERSONAL NAME | |
| Personal name | Verma, Rajnish |
| 9 (RLIN) | 2340 |
| 856 ## - ELECTRONIC LOCATION AND ACCESS | |
| Uniform Resource Identifier | <a href="https://search.worldcat.org/title/818846149">https://search.worldcat.org/title/818846149</a> |
| 942 ## - ADDED ENTRY ELEMENTS (KOHA) | |
| Source of classification or shelving scheme | Dewey Decimal Classification |
| Koha item type | Books |
| Suppress in OPAC | No |
| Withdrawn status | Lost status | Source of classification or shelving scheme | Damaged status | Not for loan | Home library | Current library | Date acquired | Source of acquisition | Cost, normal purchase price | Total Checkouts | Full call number | Barcode | Date last seen | Copy number | Price effective from | Koha item type | Shelving location | Date last checked out |
|---|---|---|---|---|---|---|---|---|---|---|---|---|---|---|---|---|---|---|
| Dewey Decimal Classification | Not For Loan | BAUST Central Library | BAUST Central Library | 06/26/2025 | Modern | 1924.00 | 515 DAA 2025 | 14773 | 09/15/2025 | C-1 | 09/15/2025 | Books | ||||||
| Dewey Decimal Classification | BAUST Central Library | BAUST Central Library | 06/26/2025 | Modern | 1924.00 | 2 | 515 DAA 2025 | 14774 | 12/23/2025 | C-2 | 09/15/2025 | Books | General Stacks | 12/15/2025 | ||||
| Dewey Decimal Classification | BAUST Central Library | BAUST Central Library | 06/26/2025 | Modern | 1924.00 | 515 DAA 2025 | 14775 | 09/15/2025 | C-3 | 09/15/2025 | Books | General Stacks | ||||||
| Dewey Decimal Classification | BAUST Central Library | BAUST Central Library | 06/26/2025 | Modern | 1924.00 | 515 DAA 2025 | 14776 | 09/15/2025 | C-4 | 09/15/2025 | Books | General Stacks | ||||||
| Dewey Decimal Classification | BAUST Central Library | BAUST Central Library | 06/26/2025 | Modern | 1924.00 | 1 | 515 DAA 2025 | 14777 | 12/20/2025 | C-5 | 09/15/2025 | Books | General Stacks | 12/15/2025 |
